Bytový dom

Guardado en:
Detalles Bibliográficos
Autor principal: Tibenský, Andrej (Autor)
Otros Autores: Vavrovič, Boris (Orientador)
Formato: Manuscrito Libro
Lenguaje:eslovaco
Publicado: 2016
Materias:
Acceso en línea:http://is.stuba.sk/zp/portal_zp.pl?podrobnosti=100009
https://opac.crzp.sk/?fn=detailBiblioForm&sid=7A24B9B1E4B8C85D508C417807C5
Etiquetas: Agregar Etiqueta
Sin Etiquetas, Sea el primero en etiquetar este registro!

MARC

LEADER 00000ntm a22000003a 4500
001 stuzp56184
003 SK-STU
005 20230720095130.4
007 ta
008 150427s2015----xo-----f-mn---000-0-slo-d
040 |a STU  |b slo 
041 0 |a slo 
100 1 |a Tibenský, Andrej  |u 010180  |4 aut  |U SvF Stavebná fakulta  |T SvF Katedra konštrukcií pozemných stavieb  |X 55951  |U V180  |Y 18  |7 55951 
242 0 1 |a Apartment house  |y eng 
245 1 0 |a Bytový dom 
260 |c 2016 
650 4 |a projekt na realizáciu stavby  |2 slo 
650 4 |a architektúra a konštrukcie  |2 slo 
650 4 |a tepelnotechnický posudok budovy  |2 slo 
650 4 |a bytový dom  |2 slo 
650 4 |a apartment house  |2 eng 
650 4 |a detailed design  |2 eng 
650 4 |a architecture and structures  |2 eng 
650 4 |a thermal-technical assessment of building  |2 eng 
700 1 |a Vavrovič, Boris  |u 010180  |k Z1  |4 ths  |U SvF Stavebná fakulta  |T SvF Katedra konštrukcií pozemných stavieb  |X 619  |U V180  |Y 18  |7 A000000619 
856 4 |u http://is.stuba.sk/zp/portal_zp.pl?podrobnosti=100009 
856 4 |u https://opac.crzp.sk/?fn=detailBiblioForm&sid=7A24B9B1E4B8C85D508C417807C5 
SQL |a stuzp56184  |b DBP  |c SLO  |d Bytový dom  |e 55951  |f Tibenský, Andrej  |g 010180  |h 619  |i Vavrovič, Boris  |j 20160621  |k 4  |l 01  |m http://is.stuba.sk/zp/portal_zp.pl?podrobnosti=100009  |n B-PSA  |o 5.1.4. pozemné stavby, 5.1.1. architektúra a urbanizmus